MARC details
| 000 -LEADER |
| fixed length control field |
02395cam a2200421 i 4500 |
| 001 - CONTROL NUMBER |
| control field |
14493076 |
| 003 - CONTROL NUMBER IDENTIFIER |
| control field |
EG-ScBUE |
| 005 - DATE AND TIME OF LATEST TRANSACTION |
| control field |
20230528094606.0 |
| 008 - FIXED-LENGTH DATA ELEMENTS--GENERAL INFORMATION |
| fixed length control field |
060811t2007 njuaf f b 001 0 eng d |
| 020 ## - INTERNATIONAL STANDARD BOOK NUMBER |
| International Standard Book Number |
0471756075 (cloth) |
| 020 ## - INTERNATIONAL STANDARD BOOK NUMBER |
| International Standard Book Number |
9780471756071 (cloth) |
| 035 ## - SYSTEM CONTROL NUMBER |
| System control number |
(OCoLC)ocm71006693 |
| 035 ## - SYSTEM CONTROL NUMBER |
| System control number |
(OCoLC)71006693 |
| Canceled/invalid control number |
(OCoLC)71164269 |
| -- |
(OCoLC)84651633 |
| 040 ## - CATALOGING SOURCE |
| Original cataloging agency |
DLC |
| Language of cataloging |
eng |
| Description conventions |
rda |
| Transcribing agency |
DLC |
| Modifying agency |
BAKER |
| -- |
UKM |
| -- |
C#P |
| -- |
YDX |
| -- |
YDXCP |
| -- |
OMB |
| -- |
VP@ |
| -- |
WAU |
| -- |
BTCTA |
| -- |
LVB |
| -- |
DLC |
| -- |
EG-ScBUE |
| 082 04 - DEWEY DECIMAL CLASSIFICATION NUMBER |
| Classification number |
728.047 |
| Edition number |
22 |
| Item number |
FOS |
| 100 1# - MAIN ENTRY--PERSONAL NAME |
| Personal name |
Foster, Kari, |
| Relator term |
author. |
| 245 10 - TITLE STATEMENT |
| Title |
Sustainable residential interiors / |
| Statement of responsibility, etc |
Kari Foster, Annette Stelmack, Debbie Hindman. |
| 264 #1 - PUBLICATION, DISTRIBUTION, ETC. (IMPRINT) |
| Place of publication, distribution, etc |
Hoboken, N.J. : |
| Name of publisher, distributor, etc |
Wiley, |
| Date of publication, distribution, etc |
[2007] |
| 264 #4 - PUBLICATION, DISTRIBUTION, ETC. (IMPRINT) |
| Date of publication, distribution, etc |
c2007 |
| 300 ## - PHYSICAL DESCRIPTION |
| Extent |
xiv, 429 pages, [16] pages of plates : |
| Other physical details |
illustrations (some color) ; |
| Dimensions |
24 cm |
| 336 ## - CONTENT TYPE |
| Source |
rdacontent |
| Content type term |
text |
| Content type code |
txt |
| 337 ## - MEDIA TYPE |
| Source |
rdamedia |
| Media type term |
unmediated |
| Media type code |
n |
| 338 ## - CARRIER TYPE |
| Source |
rdacarrier |
| Carrier type term |
volume |
| Carrier type code |
nc |
| 504 ## - BIBLIOGRAPHY, ETC. NOTE |
| Bibliography, etc |
Includes bibliographical references and index. |
| 505 0# - FORMATTED CONTENTS NOTE |
| Formatted contents note |
Inspiration for change. 1. Why be sustainable? -- 2. Inspiring stories -- 3. Inspiring projects -- Application and process. 4. Greening projects -- 5. Greening specifications -- Understanding materials: 6. Concrete -- 7. Masonry -- 8. Metals -- 9. Wood and composites -- 10. Openings : doors and windows -- 11. Finishes -- 12. Specialties -- 13. Equipment : appliances and office equipment -- 14. Mechanical : plumbing -- 15. Electrical : lighting and light fixtures -- 16. Furnishings -- Adopting a new vision. 17. Green business development -- 18. Sustaining life. |
| 650 #7 - SUBJECT ADDED ENTRY--TOPICAL TERM |
| Topical term or geographic name as entry element |
Sustainable design |
| Geographic subdivision |
United States. |
| Source of heading or term |
BUEsh |
| 650 #7 - SUBJECT ADDED ENTRY--TOPICAL TERM |
| Topical term or geographic name as entry element |
Ecological houses |
| General subdivision |
Design and construction. |
| Source of heading or term |
BUEsh |
| 650 #7 - SUBJECT ADDED ENTRY--TOPICAL TERM |
| Topical term or geographic name as entry element |
Sustainable engineering |
| Geographic subdivision |
United States. |
| Source of heading or term |
BUEsh |
| 650 #7 - SUBJECT ADDED ENTRY--TOPICAL TERM |
| Topical term or geographic name as entry element |
Interior architecture |
| Geographic subdivision |
United States. |
| Source of heading or term |
BUEsh |
| 655 ## - INDEX TERM--GENRE/FORM |
| Form subdivision |
Reading book |
| 700 1# - ADDED ENTRY--PERSONAL NAME |
| Personal name |
Stelmack, Annette, |
| Relator term |
author. |
| 700 1# - ADDED ENTRY--PERSONAL NAME |
| Personal name |
Hindman, Debbie, |
| Relator term |
author. |
| 856 41 - ELECTRONIC LOCATION AND ACCESS |
| Materials specified |
Table of contents only |
| Uniform Resource Identifier |
<a href="http://www.loc.gov/catdir/toc/ecip0619/2006026648.html">http://www.loc.gov/catdir/toc/ecip0619/2006026648.html</a> |
| 856 42 - ELECTRONIC LOCATION AND ACCESS |
| Materials specified |
Contributor biographical information |
| Uniform Resource Identifier |
<a href="http://www.loc.gov/catdir/enhancements/fy0740/2006026648-b.html">http://www.loc.gov/catdir/enhancements/fy0740/2006026648-b.html</a> |
| 856 42 - ELECTRONIC LOCATION AND ACCESS |
| Materials specified |
Publisher description |
| Uniform Resource Identifier |
<a href="http://www.loc.gov/catdir/enhancements/fy0740/2006026648-d.html">http://www.loc.gov/catdir/enhancements/fy0740/2006026648-d.html</a> |
| 942 ## - ADDED ENTRY ELEMENTS (KOHA) |
| Source of classification or shelving scheme |
Dewey Decimal Classification |
| Koha item type |
Book - Borrowing |